| 000 | 00505nam a2200193 b 4500 | ||
|---|---|---|---|
| 001 | bimo0001978135 | ||
| 003 | OSt | ||
| 005 | 20151019095837.0 | ||
| 008 | 041015s2004 sp | ||| ||spa | ||
| 020 | _a84-08-05433-3 | ||
| 040 | _cBMC | ||
| 082 | _a863.9933 | ||
| 100 | 1 |
_aSkármeta, Antonio _931173 |
|
| 245 | 1 | 3 |
_aEl baile de la victoria _cAntonio Skármeta |
| 260 |
_aBarcelona _bPlaneta _c2004 |
||
| 300 |
_a377 p. _c21 cm |
||
| 650 | 2 | 4 |
_929373 _aNovela chilena |
| 942 |
_2ddc _cBK _hprozim |
||
| 999 |
_c23027 _d23027 |
||